ON THE VOLGA & OTHER STORIES (Record no. 442986)

MARC details
000 -LEADER
fixed length control field 00381nam a2200145Ia 4500
008 - FIXED-LENGTH DATA ELEMENTS--GENERAL INFORMATION
fixed length control field 100122s9999 xx 000 0 und d
082 ## - DEWEY DECIMAL CLASSIFICATION NUMBER
Item number 3815
Classification number 823.08
100 ## - MAIN ENTRY--PERSONAL NAME
Personal name GRETTON ANN
245 ## - TITLE STATEMENT
Title ON THE VOLGA & OTHER STORIES
260 ## - PUBLICATION, DISTRIBUTION, ETC. (IMPRINT)
Name of publisher, distributor, etc ERNEST BENN LTD
Date of publication, distribution, etc 1934
300 ## - PHYSICAL DESCRIPTION
Extent 286
630 ## - SUBJECT ADDED ENTRY--UNIFORM TITLE
Uniform title ON THE VOLGA & OTHER STORIES
730 ## - ADDED ENTRY--UNIFORM TITLE
Uniform title ON THE VOLGA & OTHER STORIES
942 ## - ADDED ENTRY ELEMENTS (KOHA)
Koha item type Book
Holdings
Withdrawn status Lost status Damaged status Not for loan Home library Current library Date acquired Cost, normal purchase price Total Checkouts Full call number Barcode Date last seen Cost, replacement price Price effective from Koha item type Public note
        S.V. Pathak Library, Vile Parle S.V. Pathak Library, Vile Parle 05/10/1932 10.00   3815 SVPPARLE-3815 01/25/2010 10.00 01/25/2010 Book BUNDLE -H -1 Translated NA